Changing policy and practice for people with learning disabilities / (Record no. 6557)
[ view plain ]
| 000 -LEADER | |
|---|---|
| fixed length control field | 01306nam a2200349 a 4500 |
| 001 - CONTROL NUMBER | |
| control field | 2131169 |
| 003 - CONTROL NUMBER IDENTIFIER | |
| control field | OSt |
| 005 - DATE AND TIME OF LATEST TRANSACTION | |
| control field | 20200203100140.0 |
| 008 - FIXED-LENGTH DATA ELEMENTS--GENERAL INFORMATION | |
| fixed length control field | 970325s1996 enk b 001 0 eng d |
| 010 ## - LIBRARY OF CONGRESS CONTROL NUMBER | |
| LC control number | 97131999 |
| 020 ## - INTERNATIONAL STANDARD BOOK NUMBER | |
| International Standard Book Number | 0304333980 (hardback) |
| 020 ## - INTERNATIONAL STANDARD BOOK NUMBER | |
| International Standard Book Number | 0304333999 (paperback) |
| 035 ## - SYSTEM CONTROL NUMBER | |
| System control number | (CStRLIN)PATG96-B25359 |
| 040 ## - CATALOGING SOURCE | |
| Original cataloging agency | PSt |
| Transcribing agency | PSt |
| Modifying agency | PPT |
| -- | DLC |
| 042 ## - AUTHENTICATION CODE | |
| Authentication code | lccopycat |
| 043 ## - GEOGRAPHIC AREA CODE | |
| Geographic area code | e-uk--- |
| 082 00 - DEWEY DECIMAL CLASSIFICATION NUMBER | |
| Classification number | 371.9 |
| Edition number | 21 |
| Item number | CHA 1996 |
| 245 00 - TITLE STATEMENT | |
| Title | Changing policy and practice for people with learning disabilities / |
| Statement of responsibility, etc. | edited by Peter Mittler with Valerie Sinason. |
| 260 ## - PUBLICATION, DISTRIBUTION, ETC. (IMPRINT) | |
| Place of publication, distribution, etc. | London ; |
| -- | New York : |
| Name of publisher, distributor, etc. | Cassell, |
| Date of publication, distribution, etc. | 1996. |
| 300 ## - PHYSICAL DESCRIPTION | |
| Extent | vi, 232 p. ; |
| Dimensions | 25 cm. |
| 440 #0 - SERIES STATEMENT/ADDED ENTRY--TITLE | |
| Title | Cassell education |
| 9 (RLIN) | 5062 |
| 504 ## - BIBLIOGRAPHY, ETC. NOTE | |
| Bibliography, etc | Includes bibliographical references and index. |
| 650 #0 - SUBJECT ADDED ENTRY--TOPICAL TERM | |
| Topical term or geographic name as entry element | Learning disabled |
| General subdivision | Education |
| Geographic subdivision | Great Britain. |
| 9 (RLIN) | 13487 |
| 650 #0 - SUBJECT ADDED ENTRY--TOPICAL TERM | |
| Topical term or geographic name as entry element | Learning disabilities |
| Geographic subdivision | Great Britain. |
| 9 (RLIN) | 13488 |
| 650 #0 - SUBJECT ADDED ENTRY--TOPICAL TERM | |
| Topical term or geographic name as entry element | Learning disabled |
| General subdivision | Legal status, laws, etc. |
| Geographic subdivision | Great Britain. |
| 9 (RLIN) | 13489 |
| 650 #0 - SUBJECT ADDED ENTRY--TOPICAL TERM | |
| Topical term or geographic name as entry element | Learning disabled |
| Geographic subdivision | Great Britain |
| General subdivision | Public opinion. |
| 9 (RLIN) | 13490 |
| 700 1# - ADDED ENTRY--PERSONAL NAME | |
| Personal name | Mittler, Peter J. |
| 9 (RLIN) | 13491 |
| 700 1# - ADDED ENTRY--PERSONAL NAME | |
| Personal name | Sinason, Valerie, |
| Dates associated with a name | 1946- |
| 9 (RLIN) | 13492 |
| 906 ## - LOCAL DATA ELEMENT F, LDF (RLIN) | |
| a | 7 |
| b | cbc |
| c | copycat |
| d | 2 |
| e | ncip |
| f | 19 |
| g | y-gencatlg |
| 942 ## - ADDED ENTRY ELEMENTS (KOHA) | |
| Source of classification or shelving scheme | Dewey Decimal Classification |
| Koha item type | Open Shelf |
| Withdrawn status | Lost status | Source of classification or shelving scheme | Damaged status | Not for loan | Home library | Current library | Date acquired | Source of acquisition | Inventory number | Total Checkouts | Full call number | Barcode | Date last seen | Price effective from | Koha item type |
|---|---|---|---|---|---|---|---|---|---|---|---|---|---|---|---|
| Dewey Decimal Classification | MUST Main Library | MUST Main Library | 03/02/2020 | Donation | 2003/20395 | 371.9 CHA 1996 | 2020-0280 | 03/02/2020 | 03/02/2020 | Open Shelf |
